Scottish League Cup Winners - Statistics

General Stats
  • This quiz has been taken 43 times
  • The average score is 11 of 16
Answer Stats
Hint Answer % Correct
x21 Celtic
100%
x27 Rangers
100%
x6 Aberdeen
92%
x4 Hearts
92%
x3 Dundee
72%
x3 Hibs
67%
x1 Livingston
67%
x2 Dundee United
61%
x1 Kilmarnock
61%
x1 Motherwell
61%
x1 St Mirren
61%
x1 Partick Thistle
56%
x1 St Johnstone
56%
x1 Ross County
50%
x1 Raith Rovers
36%
x3 East Fife
31%
No matching quizzes found
Score Distribution
Percent of People with Each Score
Percentile by Number Answered
Your Score History
You have not taken this quiz